Statistics for Top 10 Most Visited Cities

Click here to take the quiz!

General Stats

  • This quiz has been taken 36 times
  • The average score is 7 of 10

Answer Stats

Answer% Correct
New York
100%
Paris
100%
London
97%
Tokyo
87%
Istanbul
58%
Singapore
58%
Bangkok
52%
Seoul
52%
Dubai
45%
Kuala Lumpur
29%

Score Distribution

Percentile by Number Answered

Percent of People with Each Score

Your Score History

You have not taken this quiz